Sin noticias de Italia : identidades y pertenencias en la República Romana tardía /
Saved in:
| Hovedforfatter: | |
|---|---|
| Format: | Electronisk eBog |
| Sprog: | spansk |
| Udgivet: |
Zaragoza, España : Sevilla, España :
Prensas de la Universidad de Zaragoza ; Editorial Universidad de Sevilla,
2021.
|
| Udgivelse: | 1a edición. |
| Serier: | Colección Libera res publica ;
no. 5. |
| Fag: | |
| Online adgang: | Digitalia Hispánica |
| Tags: |
Tilføj Tag
Ingen Tags, Vær først til at tagge denne postø!
|
MARC
| LEADER | 00000nam a2200000 i 4500 | ||
|---|---|---|---|
| 001 | DIGPUZ0836 | ||
| 003 | NyNyDIG | ||
| 007 | cr ||||||||||| | ||
| 008 | 220801s2021 sp ob 001 0 spa d | ||
| 006 | m o d | ||
| 035 | |a (OCoLC)1338646362 | ||
| 040 | |a DGITA |b eng |e rda |e pn |c DGITA | ||
| 020 | |a 9788413404035 |q eBook |q PUZ | ||
| 020 | |a 9788447222827 |q eBook |q EUS | ||
| 020 | |z 9788413404028 |q PUZ | ||
| 020 | |z 9788447222353 |q EUS | ||
| 043 | |a aw----- |a e------ |a ff----- | ||
| 050 | 1 | 4 | |a DG205 ebook |
| 082 | 1 | 4 | |a 937 |
| 100 | 1 | |a Wulff Alonso, Fernando, |e author. | |
| 245 | 1 | 0 | |a Sin noticias de Italia : |b identidades y pertenencias en la República Romana tardía / |c Fernando Wulff Alonso. |
| 250 | |a 1a edición. | ||
| 264 | 1 | |a Zaragoza, España : |b Prensas de la Universidad de Zaragoza ; |a Sevilla, España : |b Editorial Universidad de Sevilla, |c 2021. | |
| 300 | |a 1 online resource. | ||
| 336 | |a text |b txt |2 rdacontent | ||
| 337 | |a computer |b c |2 rdamedia | ||
| 338 | |a online resource |b cr |2 rdacarrier | ||
| 347 | |a text file |2 rdaft | ||
| 347 | |b PDF | ||
| 490 | 1 | |a Colección Libera res publica ; |v no. 5 | |
| 504 | |a Includes bibliographical references and index. | ||
| 588 | 0 | |a Online resource; title from PDF title page (Digitalia, viewed August 1, 2022) | |
| 651 | 0 | |a Rome |x History |y Republic, 265-30 B.C. | |
| 651 | 0 | |a Rome |x Historiography. | |
| 655 | 0 | |a Electronic books. | |
| 791 | 2 | |a Digitalia (Firm), |e distributor. | |
| 793 | 0 | |g Digitalia eBook Collection: |a Prensas Universitarias de Zaragoza | |
| 776 | 0 | 8 | |i Print version: |a Wulff Alonso, Fernando. |t Sin noticias de Italia. |b 1a edición. |d Zaragoza, España : Prensas de la Universidad de Zaragoza ; Sevilla, España : Editorial Universidad de Sevilla, 2021 |z 9788413404028 |
| 830 | 0 | |a Colección Libera res publica ; |v no. 5. | |
| 856 | 4 | 0 | |3 Digitalia Hispánica |u https://digitalia.unach.elogim.com/a/112298/ |
| 910 | |a Premium collection: 2022 | ||